Logo BPK

Biblioteka

Politechniki Koszalińskiej

Sterowanie programowe obrabiarek / (Rekord nr 10710)

Szczegóły MARC
000 -ETYKIETA REKORDU
podpole kontrolne o stałej długości 00971nam a2200265 i 4500
001 - NUMER KONTROLNY REKORDU
pole kontrolne bg
003 - IDENTYFIKATOR NUMERU KONTROLNEGO REKORDU
podpole kontrolne KOSZ 005
005 - DATA OSTATNIEJ MODYFIKACJI REKORDU
podpole kontrolne 20191002090803.0
008 - POLE O STAŁEJ DŁUGOŚCI - DANE KONTROLNE
podpole kontrolne o stałej długości 080302s1963 pl a f f 000 0 pol
015 ## - NUMER BIBLIOGRAFII NARODOWEJ
Numer bibliografii narodowej PB 1963/3946
040 ## - ŹRÓDŁO KATALOGOWANIA
Instytucja, która sporządziła opis WA N
Instytucja, która utworzyła rekord KOSZ 005/RW
Instytucja, która dokonała modyfikacji KOSZ 005/RW
080 ## - UNIWERSALNA KLASYFIKACJA DZIESIĘTNA - UKD
UKD 621
100 1# - NAZWA OSOBOWA
Nazwa osobowa Szafarczyk, Maciej
Daty związane z nazwą (1931- ).
245 10 - TYTUŁ/ODPOWIEDZIALNOŚĆ
Tytuł Sterowanie programowe obrabiarek /
Pozostałe elementy strefy tytułu i oznaczenia odpowiedzialności Maciej Szafarczyk.
260 ## - STREFA ADRESU WYDAWNICZEGO
Miejsce wydania Warszawa :
Nazwa wydawcy/dystrybutora Wydawnictwa Naukowo-Techniczne,
Data publikacji, dystrybucji/powstania dokumentu 1963.
300 ## - STREFA OPISU FIZYCZNEGO
Objętość 209, [1] s., [3] k. tabl. :
Inne cechy fizyczne il. ;
Rozmiary 25 cm.
380 ## - FORMA I TYP PUBLIKACJI
Forma i typ publikacji Książki.
504 ## - UWAGA DOTYCZĄCA BIBLIOGRAFII
Informacje o bibliografii Bibliogr. s. 204-[210].
521 8# - UWAGA DOTYCZĄCA PRZEZNACZENIA CZYTELNICZEGO
Przeznaczenie czytelnicze Dla inżynierów i techników oraz dla studentów wyższych uczelni technicznych.
650 #4 - HASŁO PRZEDMIOTOWE W FORMIE NAZWY OGÓLNEJ LUB JEDNOSTKOWEJ
Nazwa ogólna lub geograficzna Obrabiarka sterowana numerycznie
655 #4 - TERMIN INDEKSOWY - OKREŚLENIE RODZAJU/FORMY DOKUMENTU
Określenie rodzaju/formy dokumentu Podręcznik
710 2# - HASŁO DODATKOWE - NAZWA CIAŁA ZBIOROWEGO
Nazwa ciała zbiorowego lub jednostki geograficznej Wydawnictwa Naukowo-Techniczne
Kod określenia powiązania pbl.
856 ## - LOKALIZACJA I DOSTĘP DO ELEKTRONICZNYCH DOKUMENTÓW ZDALNYCH
Link (URL) http://koha.tu.koszalin.pl/cgi-bin/koha/opac-detail.pl?biblionumber=10710
Tekst linku Katalog online BPK
942 ## - DODATKOWE ELEMENTY (KOHA)
Schemat klasyfikacji Uniwersalna Klasyfikacja Dziesiętna
Typ dokumentu Książka
Egzemplarze
Wycofany Status egzemplarza Uszkodzony Dostępność Lokalizacja stała Lokalizacja bieżąca Miejsce przechowywania Sygnatura Kod kreskowy Dział Typ dokumentu
      Tylko na miejscu Biblioteka Politechniki Koszalińskiej Biblioteka Politechniki Koszalińskiej Czytelnia BG 368 01988802 621.9.06 Obrabiarki Książka
      Dostępny Biblioteka Politechniki Koszalińskiej Biblioteka Politechniki Koszalińskiej Wypożyczalnia BG 369 01884807   Książka
      Dostępny Biblioteka Politechniki Koszalińskiej Biblioteka Politechniki Koszalińskiej Wypożyczalnia BG 370 02088204   Książka
© 2023 Biblioteka Politechniki Koszalińskiej :: KOHA